000 01400namaa22003251i 4500
005 20260414130411.0
008 260414s1995 ua ||||frm||| 000 0 eng d
040 _aEG-GICUC
_beng
_cEG-GICUC
_dEG-GICUC
_erda
041 0 _aeng
_beng
_bara
049 _aDeposit
097 _aM.Sc
099 _aCai01.11.08.M.Sc.1995.Ta.I
100 0 _aTarek Mohamed Tawfeek Amin,
_epreparation.
245 1 0 _aLodine Deficiency Sisorders Among School Children in the New Valley /
_cBy Tarek Mohamed Tawfeek Amin ; Supervised Prof. Dr. Mahasen Abd El- Fattah, Prof. Dr. Mervat El Rafie, Dr. Monira Mahmod El Kholy
246 1 5 _aاضطرابات نقص اليود بين اطفال المدارس في الوادي الجديد
264 0 _c1995.
300 _a141 Leaves
_billustrations
_c30 cm. +
336 _2rda content
_atext
337 _2rdamedia
_aUnmediated
338 _2rdacarrier
_avolume
502 _aThesis (M.Sc.)-Cairo University, 1995
504 _aBibliography: pages 129-141
653 0 _aLodine Deficiency Sisorders
700 0 _aMahasen Abd El- Fattah
_ethesis advisor.
700 0 _aMervat El Rafie
_ethesis advisor.
700 0 _aMonira Mahmod El Kholy
_ethesis advisor.
900 _DDepartment of Community Medicine
_FFaculty of Medicine
_UCairo University
_b1995
_cMahasen Abd El- Fattah
_cMervat El Rafie
_cMonira Mahmod El Kholy
905 _aNehad
942 _2ddc
_cTH
_e21
_n0
999 _c179480